Wieviele Nachbarländer? - Whammies - Statistiken

Allgemein
  • Dieses Quiz wurde 140 mal gespielt
  • Das Durchschnittsergebnis liegt bei 14 aus 20
Antwortstatistiken
Land Grenzen # Borders % Korrekt
Vereinigte Staaten Kanada, Mexiko 2
98%
Irland Vereinigtes Königreich 1
91%
Japan 0
89%
Portugal Spanien 1
84%
Panama Costa Rica, Kolumbien 2
83%
Jemen Oman, Saudi Arabien 2
81%
Haiti Dominikanische Republik 1
79%
Mexiko Belize, Guatemala, USA 3
79%
San Marino Italien 1
70%
Chile Argentina, Bolivien, Peru 3
70%
Madagaskar 0
69%
Papua-Neuguinea Indonesien 1
67%
Tunesien Algerien, Libyen 2
62%
Nepal China, Indien 2
61%
Estland Lettland, Russland 2
60%
Südkorea Nordkorea 1
59%
Belgien Frankreich, Deutschland, Luxemburg, Belgien 4
58%
Vietnam Kambodscha, China, Laos 3
55%
Italien Österreich, Frankreicg, San Marino, Slowenien, Schweiz, Vatikanstadt 6
44%
Griechenland Albanien, Bulgarien, Nordmazedonien, Türkei 4
42%
Keine übereinstimmenden Quizze gefunden
Verteilung der Resultate
Anzahl Personen mit jedem Resultat
Perzentil nach korrekt beantworteten Fragen
Ihre Resultats-Entwicklung
Sie haben dieses Quiz noch nicht gespielt